Türk Silahlı Kuvvetlerine toplumsal bakış (Record no. 4903)
[ view plain ]
| 000 -BAŞLIK | |
|---|---|
| Sabit Uzunlukta Kontrol Alanı | 00762na a2200253 4500 |
| 001 - KONTROL NUMARASI | |
| Denetim Alanı | 18315 |
| 003 - KONTROL NUMARASI IDENTIFIER | |
| Denetim Alanı | MIRAKIL |
| 005 - SON İŞLEM TARİHİ VE ZAMANI | |
| Denetim Alanı | 20181213155021.0 |
| 008 - SABİT-BOY VERİ ELEMANLARI - GENEL BİLGİLER | |
| Sabit Uzunlukta Kontrol Alanı | 161116b tu 000 0 |
| 020 ## - ULUSLARARASI STANDART KİTAP NUMARASI | |
| Uluslararası Standart Kitap Numarası | 9786058609709 |
| 040 ## - KATALOGLAMA KAYNAK | |
| Orijinal Kataloglama Ajansı | Milas |
| Kataloglama Dili | tur |
| Metne Dönüştürmek Ajansı | TR-AnCHP |
| 041 ## - DİL KODU | |
| Metin / Ses Parça Veya Ayrı Başlığın Dil Kodu | tur |
| 082 ## - DEWEY ONLU SINIFLANDIRMA NUMARASI | |
| Sınıflandırma Numarası | 356.0072 |
| Ürün Numarası | A49t 2013 |
| 088 ## - NUMARAYI BİLDİR | |
| Numarayı Bildir | 56 |
| 090 ## - SINIFLAMA NUMARASI | |
| Sınıflama Numarası | 356.0072 A49t 2013 |
| 100 ## - ANA GİRİŞ - KİŞİSEL İSİM | |
| Kişisel Ad | Akyürek, Salih |
| 245 ## - BAŞLIK TABLOSU | |
| Başlık | Türk Silahlı Kuvvetlerine toplumsal bakış |
| Sorumluluk Tablosu, Vb | Salih Akyürek, Mehmet Ali Yılmaz |
| 260 ## - YAYIN, DAĞITIM, VB | |
| Yayın, Dağıtım, Vb Yeri | İstanbul |
| Yayıncı, Dağıtıcı, Vs Adı | BİLGESAM Yayınları |
| Yayın, Dağıtım, Vb Tarihi | 2013 |
| 300 ## - FİZİKSEL TANIM | |
| Kapsam | 90 s. |
| Diğer Fiziksel Ayrıntıları | tbl.; grf. |
| Boyutlar | 30 sm. |
| 610 ## - KONU KATMA GİRİŞ - TOPLANTI ADI | |
| Giriş Elemanı Olarak Kurumsal Ad Veya Yargı Alanı Adı | Türk Silahlı Kuvvetleri |
| Genel Alt Bölüm | Araştırma |
| 650 ## - KONU KATMA GİRİŞ - TOPİKAL DÖNEM | |
| Topikal Süreli Veya Coğrafi Ad Giriş Elemanı | Silahlı kuvvetler |
| Genel Alt Bölümü | Toplumsal açı |
| Kronolojik Alt Bölümü | Araştırmalar |
| 700 ## - KATMA GİRİŞ - KİŞİSEL İSİM | |
| Kişisel Ad | Yılmaz, Mehmet Ali |
| 942 ## - EKLENDİ GİRİŞ ELEMANLARI (KOHA) | |
| Sınıflandırma Veya Raf Düzeni Kaynak | Dewey Decimal Classification |
| Koha Öğesi Türü | Books |
| 999 ## - SİSTEM KONTROL NUMARALARI (KOHA) | |
| Koha Biblionumber | 4903 |
| Koha Biblioitemnumber | 4903 |
| Kalıcı Konum | Mevcut Konum | Edinme Tarihi | Edinim Kaynak | Toplam Check-Out'Lar | Tam Çağrı Numarası | Barkod | Tarih Son Görülme | İtibaren Geçerli Fiyatlar | Koha Öğesi Türü |
|---|---|---|---|---|---|---|---|---|---|
| CHP Kütüphanesi | CHP Kütüphanesi | 11/16/2016 | Bağış | 356.0072 A49t 2013 | 008697 | 11/16/2016 | 11/16/2016 | Books |
